000 00208 a2200097 4500
020 _a9780545750332
041 _aspa
100 _aEarhart, Kristen
245 _aEl autobus magico vuela al espacio
942 _cBK
999 _c31922
_d31920